The Elephant in the boardroom / (Record no. 12288)

000 -LEADER
fixed length control field 00432nam a22001337a 4500
008 - FIXED-LENGTH DATA ELEMENTS--GENERAL INFORMATION
fixed length control field 160725b xxu||||| |||| 00| 0 eng d
020 ## - INTERNATIONAL STANDARD BOOK NUMBER
International Standard Book Number 9780230229532
050 ## - LIBRARY OF CONGRESS CALL NUMBER
Classification number BF 637 .F87 2010
100 ## - MAIN ENTRY--PERSONAL NAME
Personal name Furnham, Adrian.
Dates associated with a name 2010.
245 ## - TITLE STATEMENT
Title The Elephant in the boardroom /
Statement of responsibility, etc. Adrian Furham.
260 ## - PUBLICATION, DISTRIBUTION, ETC. (IMPRINT)
Place of publication, distribution, etc. USA:
Name of publisher, distributor, etc. Palgrave MacMillan,
Date of publication, distribution, etc. 2010.
300 ## - PHYSICAL DESCRIPTION
Extent ix, 283 p.
Other physical details Includes index.
942 ## - ADDED ENTRY ELEMENTS (KOHA)
Source of classification or shelving scheme
Koha item type Special Collection
Classification part BF 637 .F87 2010
Holdings
Withdrawn status Lost status Source of classification or shelving scheme Damaged status Not for loan Home library Current library Shelving location Date acquired Source of acquisition Total Checkouts Full call number Barcode Date last seen Date last checked out Price effective from Koha item type
          MACHAKOS UNIVERSITY LIBRARY MACHAKOS UNIVERSITY LIBRARY Special Collection 25/07/2016 Donation (BFA) 5 BF 637 .F87 2010 4342 17/03/2017 17/02/2017 25/07/2016 Hard Covered Materials
© Machakos University Library, Along The Highway, Machakos Wote Rd, Machakos, Kenya P.O. Box 136 - 90100 Machakos - Kenya

Tel: ( +254 ) 723 805829 OR Fax : 044-20353 OR Email: library@mksu.ac.ke